[Event "Wch Seniors 16th"]
[Site "Arvier"]
[Date "2006.09.13"]
[Round "3"]
[White "Sax, Hans"]
[Black "Andersson, Kaj Ake"]
[Result "1-0"]
[WhiteElo "1966"]
[BlackElo "2138"]
[PlyCount "103"]
[EventDate "2006.09.11"]
[EventType "swiss"]
[EventRounds "11"]
[EventCountry "ITA"]
[SourceTitle "CBM 114 Extra"]
[Source "ChessBase"]
[SourceDate "2006.11.03"]
[SourceVersion "1"]
[SourceVersionDate "2006.11.03"]
[SourceQuality "1"]

1. e4 c5 2. c3 d6 3. d4 Bd7 4. Nf3 Nf6 5. e5 dxe5 6. Nxe5 e6 7. Be3 Nd5 8. Qf3 Qf6 9. Qxf6 gxf6 10. Nxd7 Nxe3 11. Nxf6+ Ke7 12. fxe3 Kxf6 13. Nd2 cxd4 14. exd4 Nd7 15. Bd3 Ke7 16. 0-0 Bg7 17. Rae1 Rad8 18. Nf3 h6 19. Nh4 Bf6 20. Nf5+ Kf8 21. Nd6 b6 22. Ne4 Be7 23. Bc4 Kg7 24. Ng3 Bg5 25. Ne4 Be7 26. Rf3 Rhf8 27. Ref1 f5 28. Ng3 Rf6 29. Nh5+ Kf7 30. Nxf6 Kxf6 31. Re1 Nf8 32. g4 Bd6 33. gxf5 exf5 34. Ref1 f4 35. Kf2 Rd7 36. Rh3 Rh7 37. Bd3 Rh8 38. Rg1 h5 39. Be2 Ne6 40. Rxh5 Rxh5 41. Bxh5 Ng5 42. Ke2 Kf5 43. Bf3 Be7 44. Rg2 Bd8 45. Bc6 Be7 46. h4 Ne4 47. Kf3 Ng3 48. Bd7+ Kf6 49. Kxf4 Bd6+ 50. Kg4 Ne4 51. Re2 Ng3 52. Re6+ 1-0

[Event "Wch Seniors 16th"]
[Site "Arvier"]
[Date "2006.09.11"]
[Round "1"]
[White "Sax, Hans"]
[Black "Zelkind, Eduard"]
[Result "1-0"]
[WhiteElo "1966"]
[BlackElo "2232"]
[PlyCount "63"]
[EventDate "2006.09.11"]
[EventType "swiss"]
[EventRounds "11"]
[EventCountry "ITA"]
[SourceTitle "CBM 114 Extra"]
[Source "ChessBase"]
[SourceDate "2006.11.03"]
[SourceVersion "1"]
[SourceVersionDate "2006.11.03"]
[SourceQuality "1"]

1. e4 e6 2. d4 d5 3. Nd2 a6 4. Bd3 c5 5. c3 Nc6 6. Ne2 cxd4 7. cxd4 dxe4 8. Nxe4 Nf6 9. Nxf6+ Qxf6 10. 0-0 Bd6 11. a3 0-0 12. Be3 Rd8 13. Qc2 h6 14. Rad1 Bd7 15. Be4 Rac8 16. Qb1 Na5 17. b4 Bb5 18. Qa2 Bc4 19. Qb2 Nc6 20. Bf3 b5 21. Rfe1 Ne7 22. Ng3 Bd5 23. Bxd5 exd5 24. Rc1 Rc4 25. Qe2 Rdc8 26. Qg4 Qe6 27. Qd1 Qg6 28. Ne2 Nf5 29. Qd3 Nxd4 30. Qxd4 Qh5 31. g3 Bc5 32. Qd2 1-0

[Event "Baden Wuerttemberg-chB"]
[Site "Illertissen"]
[Date "2005.09.03"]
[Round "8"]
[White "Sax, Hans"]
[Black "Raeuchle, Dietmar"]
[Result "1-0"]
[WhiteElo "1984"]
[BlackElo "1772"]
[PlyCount "77"]
[EventDate "2005.08.27"]
[EventType "swiss"]
[EventRounds "9"]
[EventCountry "GER"]
[SourceTitle "CBM 108 Extra"]
[Source "ChessBase"]
[SourceDate "2005.11.04"]
[SourceVersion "1"]
[SourceVersionDate "2005.11.04"]
[SourceQuality "1"]

1. e4 e5 2. Nf3 Nc6 3. d4 exd4 4. Nxd4 Bc5 5. Be3 Qf6 6. c3 Nge7 7. Bc4 Bxd4 8. cxd4 d6 9. Nc3 a6 10. a4 0-0 11. 0-0 Bd7 12. f4 Rad8 13. Qd2 Bc8 14. Rad1 Bg4 15. Rde1 Bc8 16. h3 h5 17. Ba2 Nb4 18. Bb1 c5 19. d5 Rfe8 20. Rd1 Ng6 21. b3 Bd7 22. f5 Ne7 23. Ne2 Rc8 24. Bg5 Qe5 25. f6 Nexd5 26. fxg7 f6 27. Bh4 Re6 28. Bg3 Qg5 29. Qxg5 fxg5 30. Rf2 Ne3 31. Rxd6 Rxd6 32. Bxd6 Kxg7 33. Nc3 Rc6 34. Be5+ Kg8 35. Re2 Re6 36. Bh2 Nbd5 37. exd5 Nxd5 38. Rxe6 Bxe6 39. Ne4 1-0

[Event "Baden Wuerttemberg-chB"]
[Site "Illertissen"]
[Date "2005.08.28"]
[Round "2"]
[White "Jusciak, Ute"]
[Black "Sax, Hans"]
[Result "0-1"]
[WhiteElo "1451"]
[BlackElo "1984"]
[PlyCount "77"]
[EventDate "2005.08.27"]
[EventType "swiss"]
[EventRounds "9"]
[EventCountry "GER"]
[SourceTitle "CBM 108 Extra"]
[Source "ChessBase"]
[SourceDate "2005.11.04"]
[SourceVersion "1"]
[SourceVersionDate "2005.11.04"]
[SourceQuality "1"]

1. e4 d5 2. exd5 Nf6 3. Nf3 Nxd5 4. Bc4 Bg4 5. h3 Bh5 6. 0-0 Nc6 7. d4 e6 8. Be2 Be7 9. c4 Nb6 10. Be3 0-0 11. b3 Bf6 12. g4 Bg6 13. g5 Be7 14. Nc3 f6 15. h4 fxg5 16. hxg5 Bf5 17. Qd2 Qe8 18. Nh4 Qf7 19. f4 Rad8 20. Rf2 Rd7 21. c5 Bxc5 22. Nxf5 Qxf5 23. Bd3 Qh3 24. Rh2 Qxe3+ 25. Qxe3 Bxd4 26. Qxd4 Rxd4 27. Bxh7+ Kf7 28. g6+ Ke7 29. Ne2 Re4 30. Rd1 Nd5 31. f5 Rxf5 32. Bg8 Rg5+ 33. Kf2 Rxe2+ 34. Kxe2 Nc3+ 35. Ke1 Nxd1 36. Kxd1 Rxg6 37. Re2 Nd4 38. Kd2 Nxe2 39. Kxe2 0-1

[Event "Stuttgart-chA"]
[Site "Stuttgart"]
[Date "2004.??.??"]
[Round "?"]
[White "Latzke, Boris Alexander"]
[Black "Sax, Hans"]
[Result "1-0"]
[WhiteElo "2270"]
[BlackElo "1990"]
[PlyCount "99"]
[EventDate "2004.05.20"]
[EventType "swiss"]
[EventRounds "7"]
[EventCountry "GER"]
[SourceTitle "EXT 2007"]
[Source "ChessBase"]
[SourceDate "2006.11.23"]
[SourceVersion "1"]
[SourceVersionDate "2006.11.23"]
[SourceQuality "1"]

1. d4 Nf6 2. c4 e6 3. Nf3 b6 4. a3 Bb7 5. Nc3 Be7 6. d5 0-0 7. e4 exd5 8. cxd5 d6 9. Bd3 Nbd7 10. 0-0 h6 11. Nd4 Re8 12. b4 a5 13. Rb1 axb4 14. axb4 Ne5 15. Bb5 Nfd7 16. Bb2 Bf6 17. Rc1 Ba6 18. Bxa6 Rxa6 19. Ncb5 Ra2 20. Rc2 Qb8 21. Ba1 Rxc2 22. Qxc2 Rc8 23. f4 Ng6 24. Nc6 Qa8 25. Bxf6 Nxf6 26. f5 Ne5 27. Ne7+ Kf8 28. Nxc8 Qxc8 29. Ra1 Ne8 30. Ra7 Nd7 31. Qc6 Nb8 32. Qb7 Qxb7 33. Rxb7 Na6 34. Kf2 Ke7 35. Ra7 Nxb4 36. Nxc7 Nd3+ 37. Ke3 Nc5 38. Na8+ Kf8 39. Nxb6 Nf6 40. e5 Ng4+ 41. Kd4 Nxe5 42. Nc8 Nb3+ 43. Kc3 Nc5 44. Nxd6 f6 45. Nc4 Ned7 46. d6 Ke8 47. Kd4 Kf7 48. Nb6 Ke8 49. Nxd7 Nxd7 50. Kd5 1-0

[Event "Stuttgart-chA"]
[Site "Stuttgart"]
[Date "2004.??.??"]
[Round "?"]
[White "Schaefer, Michael1111"]
[Black "Sax, Hans"]
[Result "1/2-1/2"]
[WhiteElo "1795"]
[BlackElo "1990"]
[PlyCount "22"]
[EventDate "2004.05.20"]
[EventType "swiss"]
[EventRounds "7"]
[EventCountry "GER"]
[SourceTitle "EXT 2007"]
[Source "ChessBase"]
[SourceDate "2006.11.23"]
[SourceVersion "1"]
[SourceVersionDate "2006.11.23"]
[SourceQuality "1"]

1. e4 d5 2. exd5 Nf6 3. d4 Nxd5 4. c4 Nb6 5. Nf3 Bg4 6. Be2 e6 7. 0-0 Nc6 8. b3 Be7 9. Na3 0-0 10. Bb2 Bf6 11. Nc2 Bf5 1/2-1/2

[Event "Seefeld op 11th"]
[Site "Seefeld"]
[Date "2000.09.20"]
[Round "5"]
[White "Russ, Colin"]
[Black "Sax, Hans"]
[Result "1/2-1/2"]
[WhiteElo "1832"]
[BlackElo "1766"]
[PlyCount "64"]
[EventDate "2000.09.16"]
[EventType "swiss"]
[EventRounds "9"]
[EventCountry "AUT"]
[SourceTitle "EXT 2001"]
[Source "ChessBase"]
[SourceDate "2000.11.22"]
[SourceVersion "1"]
[SourceVersionDate "2000.11.22"]
[SourceQuality "1"]

1. Nf3 Nf6 2. d4 d5 3. c4 e6 4. Nc3 Nbd7 5. Bg5 Be7 6. e3 c6 7. Bd3 dxc4 8. Bxc4 0-0 9. 0-0 b6 10. Rc1 Bb7 11. Qe2 Nd5 12. Ne4 h6 13. Bxe7 Qxe7 14. Bd3 Rfc8 15. Bb1 c5 16. Ng3 cxd4 17. Nxd4 N5f6 18. f3 Qb4 19. a3 Qa5 20. Rfd1 Qg5 21. Qf2 Nd5 22. f4 Qe7 23. h3 Nc5 24. Rf1 Ba6 25. Rfd1 Bb7 26. b4 Nd7 27. Nde2 N7f6 28. e4 Rxc1 29. Rxc1 Nc7 30. e5 Nfd5 31. Nd4 g6 32. Ne4 Ne8 1/2-1/2

[Event "Crailsheim op 4th"]
[Site "Crailsheim"]
[Date "1998.??.??"]
[Round "?"]
[White "Schelbert, Roland"]
[Black "Sax, Hans"]
[Result "0-1"]
[WhiteElo "1700"]
[BlackElo "2055"]
[PlyCount "50"]
[EventDate "1998.05.??"]
[EventType "swiss"]
[EventRounds "7"]
[EventCountry "GER"]
[SourceTitle "EXT 2006"]
[Source "ChessBase"]
[SourceDate "2005.11.24"]
[SourceVersion "1"]
[SourceVersionDate "2005.11.24"]
[SourceQuality "1"]

1. e4 d5 2. exd5 Nf6 3. c4 e6 4. dxe6 Bxe6 5. Nf3 Nc6 6. Nc3 Bb4 7. Be2 Qe7 8. a3 Bxc3 9. bxc3 Bxc4 10. d3 Rd8 11. Be3 Ng4 12. Qd2 Nxe3 13. fxe3 Ne5 14. Nxe5 Qxe5 15. 0-0 0-0 16. Rf4 Bd5 17. d4 Qe6 18. Bd3 f5 19. Rh4 Rde8 20. Rh3 g6 21. Rb1 b6 22. Qc2 Bc4 23. a4 a5 24. Bxc4 Qxc4 25. Rb5 Re4 0-1

[Event "Bled op-B"]
[Site "Bled"]
[Date "1995.??.??"]
[Round "4"]
[White "Sax, Hans"]
[Black "Baric, Dusan"]
[Result "1-0"]
[WhiteElo "1805"]
[BlackElo "2140"]
[PlyCount "61"]
[EventDate "1995.03.??"]
[EventType "swiss"]
[EventRounds "9"]
[EventCountry "SLO"]
[SourceTitle "EXT 1997"]
[Source "ChessBase"]
[SourceDate "1996.11.15"]
[SourceVersion "1"]
[SourceVersionDate "1996.11.15"]
[SourceQuality "1"]

1. e4 c5 2. c3 d6 3. d4 Nf6 4. Bd3 cxd4 5. cxd4 Nc6 6. Ne2 g6 7. Nbc3 Bg7 8. 0-0 0-0 9. h3 Bd7 10. Be3 Qa5 11. Qd2 Rfc8 12. a3 a6 13. b4 Qd8 14. Rac1 Be8 15. f4 b5 16. e5 Nd7 17. d5 Ncb8 18. e6 fxe6 19. dxe6 Nf6 20. f5 Nc6 21. fxg6 Bxg6 22. Bxg6 hxg6 23. Nf4 Qe8 24. Ncd5 Rab8 25. Nxf6+ exf6 26. Qxd6 Ne5 27. Nd5 Rd8 28. Ne7+ Kf8 29. Nxg6+ Kg8 30. Ne7+ Kf8 31. Qxe5 1-0